| 000 | 00549nam a22001937a 4500 | ||
|---|---|---|---|
| 999 |
_c21191 _d21191 |
||
| 003 | OSt | ||
| 005 | 20210528091435.0 | ||
| 008 | 170125b xxu||||| |||| 00| 0 eng d | ||
| 020 | _a0721655963 | ||
| 040 |
_aMMU _beng _cMMU _dMMU |
||
| 050 | _aRK309.H36 1996 | ||
| 100 | _aHiring Joen Iannucci | ||
| 245 |
_aDental radiography: _bPrinciples and technigues/ _cJoen IAnnucci Haring, D.D.S,M.S |
||
| 260 |
_aLondon: _bSaunders, _c1996. |
||
| 300 | _axiv,556 P. : | ||
| 650 | _aDental | ||
| 700 | _aLaura Jansen Lind,R.D.,M.S | ||
| 942 |
_2lcc _cLOAN LOAN |
||